World investment report 1998 : trends and determinants

Αποθηκεύτηκε σε:
Λεπτομέρειες βιβλιογραφικής εγγραφής
Μορφή: Βιβλίο
Γλώσσα:English
Δημοσίευση: New York : United Nations, 1998
Θέματα:
Ετικέτες: Προσθήκη ετικέτας
Δεν υπάρχουν, Καταχωρήστε ετικέτα πρώτοι!

MARC

LEADER 00000nam a2200000 i 4500
001 1/23674
008 981125s1998 eng d
020 |a 9211124263 
035 |l 10036913 
040 |a GR-MY-UA  |b gre  |e aacr 
041 0 |a eng 
082 0 |a 332.67305 
245 1 0 |a World investment report 1998 :  |b trends and determinants 
260 |a New York :   |b United Nations,   |c 1998 
300 |a xxxix, 428 p. 
650 0 0 |a Investments, Foreign  |x Periodicals. 
650 0 0 |a International trade  |x Periodicals. 
852 |a INST  |b CHIOS  |e 19981125  |h 332.67305 WOR  |p 005200015275  |q 005200015275  |t BK  |y 0 
901 |a BIBL-1998-3 
909 |a Χ  |b 055082 
922 |a 2ΔΩΡ  |b 199811